000 00773nam a2200205 i 4500
003 IT-RoINE
005 20180416113702.0
008 960922s1948 sp f |r 1 | spa|d
040 _aSpMaBN
_cCDM IT-RoINE
_dIT-RoINE
100 1 _aPantorba, Bernardino de,
_d1896-1990
_99979
245 1 0 _aHistoria y crítica de las exposiciones nacionales de Bellas Artes celebradas en España /
_cBernardino de Pantorba [seud.] ; prólogo de Eduardo Chicharro.
260 _aMadrid :
_bAlcor,
_c[1948].
_fGráf. Nebrija
300 _aXXIII, 564 p., 59 p. de lám., :
_bil. ;
_c22 cm.
336 _2rdacontent
_atext
337 _2rdamedia
_aunmediated
338 _2rdacarrier
_avolume
500 _aIncluye índice.
700 1 _aChicharro, Eduardo,
_d1873-1949
_947393
942 _cMTS
999 _c23906
_d23906